Localization of logistics objects

Uložené v:
Podrobná bibliografia
Hlavný autor: Daneshjo, Naqibullah, 1964-
Ďalší autori: Šeminský, Jaroslav
Médium: Kapitola
Jazyk:English
Predmet:
Tagy: Pridať tag
Žiadne tagy, Buďte prvý, kto otaguje tento záznam!

MARC

LEADER 00000naa$a2200000$$$4500
001 0201749
005 20240502073411.1
041 0 |a eng 
044 |a SK 
245 1 0 |a Localization of logistics objects  |c Naqibullah Daneshjo, Jaroslav Šeminský 
500 |a Abstrakt 
610 2 0 |a logistika 
610 2 0 |a systémy logistické 
610 2 0 |a ekonómia 
610 2 0 |a doprava 
610 2 0 |a funkcie nákladové 
100 1 |a Daneshjo, Naqibullah, 1964- 
700 1 |a Šeminský, Jaroslav